| 000 | 00616nam a2200205 a 4500 | ||
|---|---|---|---|
| 001 | 7544 | ||
| 003 | CO-ViMGA | ||
| 008 | 141112s2004 ck r 000 u spa d | ||
| 040 |
_aCO-ViMGA _bspa _cCO-ViMGA |
||
| 082 | 0 | 4 | _a372.73044 V451 |
| 100 | 1 |
_aVilarrosa, A _96878 |
|
| 245 | 1 | 0 |
_aMediodía : _bejercicios de exploración y representación del espacio / _cVilarrosa A , Colombo F |
| 260 |
_aBarcelona : _bGrao, _c1988 |
||
| 300 | _a112 p : il | ||
| 490 | _aPunto y seguido, 3 | ||
| 650 | 1 | 4 |
_aColombo, F _96879 |
| 650 | 1 | 4 |
_aESPACIO - ENSEÑANZA _96880 |
| 650 | 1 | 4 |
_aGEOMETRIA ENSEÑANZA _96881 |
| 942 |
_2ddc _cBK |
||
| 999 |
_c19491 _d19491 |
||